00471nam a2200157Ia 4500003000900000008004100009020001800050040001600068080001700084100002000101245009200121260004800213300001500261650001400276650002300290IN-BaIIA211028s9999 xx 000 0 eng d a0-521-47966-5 cIIA Library a524.834bLAC aLachieze-Rey, M 0aCosmologyba first coursecM. Lachieze-Rey  aCambridgebCambridge University Pressc1995 avii, 136p. aCosmology aGeneral relativity